Diseño de estructuras de pavimentos de adoquines y drenaje de la calle costado sur del hospital Humberto Alvarado Reparto Héroes y Mártires de Monimbó, Masaya.
El estudio aborda el diseño de los espesores de pavimento flexible, se calcula el SALS para el carril de diseño, el módulo de resiliencia y el CBR de diseño de la Sub - rasante, también se consideraron los siguientes parámetros, confiabilidad, desviación estándar, serviciabilidad, propiedade...
| Main Authors: | , |
|---|---|
| Other Authors: | |
| Format: | Tesis Section = Libro |
| Language: | Undetermined Spanish |
| Published: |
Managua
UNI
2013
|
| Subjects: |
| LEADER | 01189nam a2200253Ia 4500 | ||
|---|---|---|---|
| 008 | 240830s9999 xx 000 0 und d | ||
| 040 | |a BIBLIOTECA-RUPAP Mon 625.8 E74 | ||
| 041 | |a spa | ||
| 082 | |a Mon 625.8 E74 | ||
| 100 | 1 | |a Escobar Canda, Kenia Yaosca | |
| 100 | 1 | |b Muñoz Cabrales, Haroldo Rafael | |
| 245 | 1 | 0 | |a Diseño de estructuras de pavimentos de adoquines y drenaje de la calle costado sur del hospital Humberto Alvarado Reparto Héroes y Mártires de Monimbó, Masaya. |
| 260 | |a Managua |b UNI |c 2013 | ||
| 300 | |a 127 p. :il. | ||
| 500 | |a Contiene: anexos. | ||
| 502 | |a Tesis (Ingeniero Civil)- UNI, 2013. | ||
| 520 | 3 | |a El estudio aborda el diseño de los espesores de pavimento flexible, se calcula el SALS para el carril de diseño, el módulo de resiliencia y el CBR de diseño de la Sub - rasante, también se consideraron los siguientes parámetros, confiabilidad, desviación estándar, serviciabilidad, propiedades de los materiales y numero estructural. | |
| 650 | 7 | |a PAVIMENTOS FLEXIBLES - CALLES | |
| 650 | 7 | |b ADOQUIN | |
| 650 | 7 | |c HORMIGON | |
| 700 | 1 | |a Tutor: |b Reyes Romero, Claudia Verónica | |
| 942 | |c BK |2 ddc | ||
| 991 | |a TESIS | ||
| 999 | |c 16033 | ||